Регионална библиотека "Любен Каравелов" - Русе

Шарената саксийка (Запис номер 139694)

MARC детайли
000 -Лидер
Контролно поле с фиксирана дължина 01214nam a2200301 c 4500
003 - Код на организацията, давaща контролен номер
Контролно поле BLK
005 - Дата и час на последна редакция
Контролно поле 20180422112226.0
008 - Елементи от данни с фиксирана дължина
fixed length control field 180409b bul|||||r ||||||| ||bul||
010 ## - Наследен системен номер
LC control number KNG00145744000
040 ## - Източник на каталожния запис
Идентификатор на билиотеката - собственик на записа BLK
041 ## - Код за език
Код за езика на текст/звукозапис или на отделно заглавие Български
Код за езика КДБФ Български
080 ## - УДК
Текстов определител УДК Българска литература
УДК код - определител по УДК 821.163.2
УДК определител -93-32
УДК - код + определител 821.163.2-93-32
100 1# - Редна дума - Автор
Автор Жеглов, Иван Илиев
Авторска отговорност първи автор
R(LIN) 363798
139 ## - Редно поле
Редна дума Жеглов, Иван Илиев
Авторски знак Же - Ж 29
245 10 - Сведения за заглавието
Заглавие Шарената саксийка
Подзаглавни данни Малки разкази : За предучилищна и начална училищна възраст
Редно поле (дума) Иван Илиев Жеглов; худож. Иван Стоилов.
257 ## - Страна на издаване
Страна на създаване/издаване България
260 ## - Област на издателските данни
-- София
Име на издателя, разпространителя и проч. Нар. младеж
Година на издаване 1962
300 ## - Физическа характеристика
Страници 26 с.
Илюстрации и др. с ил.
Размери/Мащаб 16Х24 см
380 ## - Жанр
Жанр Детска худож. лит.
490 1# - СЕРИИ (Колекции)
Име на серия Библиотека Дружинка
№: серия 6
500 ## - Общи забележки
Забележка 30 100 тир.
700 1# - Други автори (авторска отговорност)
Лично име Стоилов, Иван
Автороска отговорност (Описва отношението между автора и произведението) худож.
9 (RLIN) 317684
852 ## - Местоположение
Форматна сигнатура Цб І 34844
856 4# - Електронен адрес и достъп
Електронен формат pdf - файл
Път до файла /url/
856 4# - Електронен адрес и достъп
Електронен формат pdf - файл
Път до файла /url/
942 ## - АРТИКУЛИ
Вид на библиотечния материал Книги
Скрит в OPAC Не
944 ## - СЪЗДАВАНЕ И РЕДАКЦИЯ на ЗАПИСА
Създаване/Редакция Създаване
Дата на регистрацията/редакция 12.07.2013
Статус, дата на статуса 12.07.2013 - от С1,Р / 12.07.2013
Служител, извършил регистрацията/редакцията Геновева_Генчева
944 ## - СЪЗДАВАНЕ И РЕДАКЦИЯ на ЗАПИСА
Създаване/Редакция Редакция
Дата на регистрацията/редакция 12.07.2013
Статус, дата на статуса 12.07.2013 - от С1,Р / 12.07.2013
Служител, извършил регистрацията/редакцията
999 ## - СИСТЕМНИ КОНТРОЛНИ НОМЕРА
Koha biblionumber 139694
Koha biblioitemnumber 139694
Наличности
Код за отписване Код за изгубен артикул Източник на класификационната схема Код за повреда Коз за рестрикции Код за отдаване Артикулен № Име на библиотеката - собственик Име на библиотеката, в която се намира в момента Статус (Текущо местоположение) Дата на вписване в системата Местоположение - отдел Цена в лева Инвентарен номер Систематично азбучна сигнатура Баркод Номер на екземпляра Цена в евро Служебна бележка Служебен тип на артикула
  Не е изгубен Universal Decimal Classification Не е повреден без рестрикции ползва се в читалня 228849 Регионална библиотека "Любен Каравелов" Русе Регионална библиотека "Любен Каравелов" Русе Хранилище 1962-01-01 Основен фонд - ползва се само за читалня 0.21 15554/62 Цб І 34844 900000022604 1 0.11 N: стар фонд Дата: 01.01.1962 Книги
Изтеглен Не е изгубен Universal Decimal Classification Не е повреден без рестрикции заемане за дома 228850 Регионална библиотека "Любен Каравелов" Русе Регионална библиотека "Любен Каравелов" Русе Детски отдел 1962-01-01 Детски отдел 0.00 14435/62 ДХ 886.7/Ж 29 14435/62 2 0.00 N: стар фонд Дата: 01.01.1962 Дата инв: 26.08.2015 Бележки инв: Д2015 Книги
Изтеглен Не е изгубен Universal Decimal Classification Не е повреден без рестрикции заемане за дома 228851 Регионална библиотека "Любен Каравелов" Русе Регионална библиотека "Любен Каравелов" Русе Детски отдел 1962-01-01 Детски отдел 0.21 15972/62 ДХ 886.7/Ж 29 15972/62 3 0.11 N: стар фонд Дата: 01.01.1962 Дата инв: 26.08.2015 Бележки инв: Д2015 Книги
Vip Innovations Ltd, Rousse, Bulgaria 2025